| 000 | 00645cam a2200169 a 4500 | ||
|---|---|---|---|
| 001 | 000006978 | ||
| 005 | 20200929154033.0 | ||
| 008 | 960508s1992 ck a rb 000 0dspa | ||
| 040 |
_aDO-SdBNP _bspa _cBNPHU |
||
| 082 |
_a923.586 _bS678b |
||
| 245 | 0 | 0 |
_aBicentenario del nacimiento del general Francisco de Paula Santander : _b2 de abril de 1792 -- 2 de abril de 1992 /. |
| 260 |
_aSantafé de Bogotá : _bKelly, _c1992. |
||
| 300 |
_a176 p. : _bil. ; _c24 cm. |
||
| 490 | 1 | _aSociedad Santanderista de Colombia | |
| 600 | 1 | 4 |
_aSANTANDER, FRANCISCO DE PAULA, _d1792-1840 _xHOMENAJES PÓSTUMOS _919395 |
| 830 | 0 |
_aSociedad Santanderista de Colombia _919396 |
|
| 999 |
_c6762 _d6762 |
||